Các nguyên lí toán học quan trọng của thị trường tài chính = The important mathematical principles of financial markets /

Сохранить в:
Библиографические подробности
Главный автор: Nguyễn Chí Long.
Формат: Статья
Язык:Vietnamese
Метки: Добавить метку
Нет меток, Требуется 1-ая метка записи!
Thư viện lưu trữ: Thư viện Trường Đại học Đà Lạt
LEADER 00785nam a2200217 4500
001 DLU170180206
005 ##20170613
040 # # |a DLU  |b vie 
041 # # |a vie 
044 # # |a vn 
100 # # |a Nguyễn Chí Long. 
245 # # |a Các nguyên lí toán học quan trọng của thị trường tài chính =  |b The important mathematical principles of financial markets /  |c Nguyễn Chí Long. 
773 # # |t Tạp chí Khoa học Đại học Sư phạm TP. Hồ Chí Minh: Khoa học tự nhiên   |g Số 9(75), 2015, tr. 189-200 
920 # # |a Phòng Tạp chí -- Trung tâm Thông tin - Thư viện Trường Đại học Đà Lạt 
900 # # |a True 
911 # # |a Hoàng Thị Huyền 
925 # # |a G 
926 # # |a A 
927 # # |a BB 
980 # # |a Thư viện Trường Đại học Đà Lạt